Sčítanie ľudu, domov a bytov 1970 vo Východoslovenskom kraji
Salvato in:
| Natura: | Libro |
|---|---|
| Lingua: | slovacco |
| Pubblicazione: |
Košice
Slovenský štatistický úrad
1974
|
| Tags: |
Nessun Tag, puoi essere il primo ad aggiungerne!!
|
MARC
| LEADER | 00000nam a2200000 4500 | ||
|---|---|---|---|
| 001 | c120393 | ||
| 005 | 20041019155216.9 | ||
| 041 | 0 | |a slo | |
| 044 | |a SK | ||
| 245 | 1 | 0 | |a Sčítanie ľudu, domov a bytov 1970 vo Východoslovenskom kraji |
| 264 | 1 | |a Košice |b Slovenský štatistický úrad |c 1974 | |
| 300 | |a 224 s. | ||